A Course In Electronic And Electrical Measurements And Instrumentation / (Record no. 10126)
[ view plain ]
| 000 -LEADER | |
|---|---|
| fixed length control field | 00454nam a22001457a 4500 |
| 090 ## - LOCALLY ASSIGNED LC-TYPE CALL NUMBER (OCLC); LOCAL CALL NUMBER (OCLC) | |
| -- | 10126 |
| 008 - FIXED-LENGTH DATA ELEMENTS--GENERAL INFORMATION | |
| fixed length control field | 080824t xxu||||| |||| 00| 0 eng d |
| 020 ## - INTERNATIONAL STANDARD BOOK NUMBER | |
| International Standard Book Number | 185479631 |
| 082 ## - DEWEY DECIMAL CLASSIFICATION NUMBER | |
| Edition number | 21 |
| Classification number | 621.3815 |
| Item number | GUP |
| 100 ## - MAIN ENTRY--PERSONAL NAME | |
| 9 (RLIN) | 213 |
| Personal name | Gupta, J.B. |
| 245 ## - TITLE STATEMENT | |
| Title | A Course In Electronic And Electrical Measurements And Instrumentation / |
| Statement of responsibility, etc | J.B. Gupta. |
| 300 ## - PHYSICAL DESCRIPTION | |
| Extent | 1205, 85, 38, 24p: |
| Other physical details | ill; |
| Dimensions | 23cm. |
| 650 ## - SUBJECT ADDED ENTRY--TOPICAL TERM | |
| 9 (RLIN) | 215 |
| Topical term or geographic name as entry element | Electronic instruments --Testing. |
| 942 ## - ADDED ENTRY ELEMENTS (KOHA) | |
| Source of classification or shelving scheme | Dewey Decimal Classification |
| Item type | Book - Borrowing |
| Withdrawn status | Item status | Source of classification or shelving scheme | Damaged status | Not for loan | Home library | Current library | Shelving location | Date acquired | Source of acquisition | Total Checkouts | Full call number | Barcode | Date last seen | Koha item type |
|---|---|---|---|---|---|---|---|---|---|---|---|---|---|---|
| Dewey Decimal Classification | Central Library | Central Library | First floor | 24/08/2008 | Purchase | 621.3815 GUP | 000013800 | 15/07/2025 | Book - Borrowing |